Sports Quiz

Random Sports or Football Quiz

2010 Pro Bowl Players Quiz Stats

 Plays Quiz not verified by Sporcle

Score 0/87 Timer 08:00
0 Plays Today
POSITION PLAYER % Correct
QB*MATT SCHAUB
99.2%
HB*CHRIS JOHNSON
99.2%
WR*ANDRE JOHNSON
98.4%
QBVINCE YOUNG
97.7%
WRCHAD OCHOCINCO
97.7%
HBMAURICE JONES-DREW
96.9%
HBRAY RICE
96.9%
TE*ANTONIO GATES
96.9%
DE*MARIO WILLIAMS
96.9%
QBDAVID GARRARD
96.1%
WRVINCENT JACKSON
95.3%
WR*DESEAN JACKSON
95.3%
QB*AARON RODGERS
94.6%
QBDONOVAN MCNABB
94.6%
QBTONY ROMO
94.6%
HBDENGELO WILLIAMS
94.6%
HB*ADRIAN PETERSON
93.8%
HBFRANK GORE
92.2%
WR*BRANDON MARSHALL
91.5%
MIDDLE LINBACKER*RAY LEWIS
90.7%
WR*MILES AUSTIN
90.7%
WRRODDY WHITE
90.7%
TE*VERNON DAVIS
89.9%
WRSTEVE SMITH
89.1%
TEHEATH MILLER
88.4%
GUARD*LEONARD DAVIS
88.4%
OUTSIDE LINEBACKER*JAMES HARRISON
87.6%
DEFENSIVE LINEJUSTIN SMITH
87.6%
TEJASON WITTEN
86.8%
POSITION PLAYER % Correct
DE*JARED ALLEN
86%
DE*JULIUS PEPPERS
82.9%
FREE SAFETY*ED REED
82.2%
CORNERBACK*DARRELLE REVIS
81.4%
FB*LE'RON MCCLAIN
79.1%
CORNERBACKCHAMP BAILEY
76.7%
OUTSIDE LINEBACKER*DEMARCUS WARE
76%
CENTER*NICK MANGOLD
72.1%
KICK RETURNER*JOSHUA CRIBBS
71.3%
TACKLE*JOE THOMAS
69.8%
TACKLED'BRICKASHAW FERGUSON
69.8%
TACKLE*JASON PETERS
69%
OUTSIDE LINEBACKERCLAY MATTHEWS
67.4%
STRONG SAFETY*BRIAN DAWKINS
66.7%
DEFENSIVE LINE*VINCE WILFORK
65.1%
PUNTER*SHANE LECHLER
63.6%
CORNERBACK*ASANTE SAMUEL
63.6%
MIDDLE LINEBACKER*LONDON FLETCHER
62.8%
DEFENSIVE LINE*HALOTI NGATA
62%
OUTSIDE LINEBACKER*ELVIS DUMERVIL
62%
KICKER*DAVID AKERS
62%
GUARD*LOGAN MANKINS
59.7%
STRONG SAFETY*ADRIAN WILSON
58.1%
CENTERKEVIN MAWAE
57.4%
MIDDLE LINBACKERDEMECO RYANS
57.4%
CORNERBACK*NNAMDI ASOMUGHA
56.6%
GUARD*STEVE HUTCHINSON
56.6%
KICKER*DAN CARPENTER
55.8%
GUARD*ALAN FANECA
55%
POSITION PLAYER % Correct
MIDDLE LINEBACKERJON BEASON
55%
TACKLE*RYAN CLADY
54.3%
CORNERBACK*TERRENCE NEWMAN
52.7%
FB*LEONARD WEAVER
51.9%
FREE SAFETYBRANDON MERIWEATHER
50.4%
GUARDCHRIS SNEE
48.1%
OUTSIDE LINEBACKER*BRIAN ORAKPO
48.1%
OUTSIDE LINEBACKERLAMARR WOODLEY
47.3%
DETRENT COLE
47.3%
CORNERBACKMIKE JENKINS
47.3%
DEFENSIVE LINE*DARNELL DOCKETT
45%
DEFENSIVE LINECASEY HAMPTON
44.2%
CENTER*SHAUN O'HARA
44.2%
DEFENSIVE LINE*JAY RATLIFF
42.6%
FREE SAFETY*NICK COLLINS
42.6%
KICK RETURNER*JOHNNY KNOX
38%
DESHAUN ELLIS
37.2%
FREE SAFETYANTREL ROLLE
34.1%
TACKLE*DAVID DIEHL
29.5%
STRONG SAFETYYEREMIAH BELL
27.1%
PUNTER*ANDY LEE
25.6%
SPECIAL TEAMER*KASSIM OSGOOD
18.6%
STRONG SAFETYQUINTIN MIKELL
12.4%
DE*KYLE VANDEN BOSCH
11.6%
CENTERRYAN KALIL
9.3%
GUARDCHRIS DIELMAN
7%
LONG SNAPPER*JON DORENBOS
6.2%
SPECIAL TEAMER*HEATH FARWELL
4.7%
LONG SNAPPER*JON CONDO
2.3%

You're not logged in!

Compare scores with friends on all Sporcle quizzes.
OR
Log In

Show Comments

Extras

Top Quizzes Today


Score Distribution

Your Account Isn't Verified!

In order to create a playlist on Sporcle, you need to verify the email address you used during registration. Go to your Sporcle Settings to finish the process.

Report this User

Report this user for behavior that violates our Community Guidelines.

Details: